00429nam a22001457a 450000500170000000800410001702000150005804100130007308200150008610000130010124500680011426000500018230000260023265000250025820231124130804.0231124b |||||||| |||| 00| 0 eng d a0797803626 aEnglish  a340.5 IND  lEnglish  aThe Individual Under African Law / cedited by PN Takirambudde  aSwaziland : bUniversity of Swaziland, c1982 b209 pages ; c23 cm.  aLegal practice bLaw